书目信息 |
| 题名: |
汽车4S店客户忠诚度管理智能工具M4S
|
|
| 作者: | 徐向阳 著 | |
| 分册: | ||
| 出版信息: | 北京 机械工业出版社 2012 |
|
| 页数: | 13,118页 | |
| 开本: | 24cm | |
| 丛书名: | ||
| 单 册: | ||
| 中图分类: | F717.5 | |
| 科图分类: | ||
| 主题词: | 汽车--专业商店--商业经营 , 汽车 , 专业商店 , 商业经营 | |
| 电子资源: | ||
| ISBN: | 978-7-111-39675-8 | |
| 000 | 01240nam0 22003011 450 | |
| 001 | 519 | |
| 005 | 20140909100045.84 | |
| 010 | @a978-7-111-39675-8@dCNY29.80 | |
| 100 | @a20121010d2012 em y0chiy50 ea | |
| 101 | 0 | @achi |
| 102 | @aCN@b110000 | |
| 105 | @ay z 000yy | |
| 106 | @ar | |
| 200 | 1 | @a汽车4S店客户忠诚度管理智能工具M4S@AQi Che 4SDian Ke Hu Zhong Cheng Du Guan Li Zhi Neng Gong Ju M4S@f徐向阳[等]著@FXu Xiang Yang [ Deng ] Zhu |
| 210 | @a北京@c机械工业出版社@d2012 | |
| 215 | @a13,118页@d24cm | |
| 304 | @a著者还有:李元胜、杨正国、杨小勇 | |
| 312 | @a封面英文题名:Customer loyalty management intelligent tool | |
| 330 | @a本书介绍市场营销策略组合理论的发展的基础上,对中国汽车行业客户满意度调查和现状进行了系统的介绍,分析了汽车4S店提高客户满意度和忠诚度的传统方法,提出了基于移动互联时代提升客户满意度和忠诚度的全新概念M4S,介绍了M4S的概念、系统组成、主要功能模块、实施和部署方法、意义等。 | |
| 510 | 1 | @aCustomer loyalty management intelligent tool@zeng |
| 606 | 0 | @a汽车@x专业商店@x商业经营 |
| 606 | 0 | @a汽车 |
| 606 | 0 | @a专业商店 |
| 606 | 0 | @a商业经营 |
| 690 | @aF717.5@v5 | |
| 701 | 0 | @a徐向阳@AXu Xiang Yang@f(1965~)@4著 |
| 801 | 0 | @aCN@bTANGWEI@c20140603 |
| 905 | @b0836649-51@dF717.5@e709@f3 | |
| 汽车4S店客户忠诚度管理智能工具M4S/徐向阳[等]著.-北京:机械工业出版社,2012 |
| 13,118页;24cm |
| ISBN 978-7-111-39675-8:CNY29.80 |
| 本书介绍市场营销策略组合理论的发展的基础上,对中国汽车行业客户满意度调查和现状进行了系统的介绍,分析了汽车4S店提高客户满意度和忠诚度的传统方法,提出了基于移动互联时代提升客户满意度和忠诚度的全新概念M4S,介绍了M4S的概念、系统组成、主要功能模块、实施和部署方法、意义等。 |
| ● |
| 相关链接 |
|
|
|
|
正题名:汽车4S店客户忠诚度管理智能工具M4S
索取号:F717.5/709
 
预约/预借
| 序号 | 登录号 | 条形码 | 馆藏地/架位号 | 状态 | 备注 |
| 1 | 0836649 | 208366490 | 第一样本阅览室/ [索取号:F717.5/709] | 在馆 | |
| 2 | 0836650 | 208366506 | 密集书库-海洋学院/ [索取号:F717.5/709] | 在馆 | |
| 3 | 0836651 | 208366515 | 第一借阅区/ [索取号:F717.5/709] | 在馆 |